Cronos 7 : ciencias sociales /
Guardado en:
| Autor Principal: | |
|---|---|
| Otros Autores: | , |
| Formato: | Libro |
| Publicado: |
Buenos Aires :
Ediciones Sm,
2003
|
| Series: | Mundo para todos
|
| Materias: | |
| Etiquetas: |
Agregar Etiqueta
Sin Etiquetas, Sea el primero en etiquetar este registro!
|
| LEADER | 01826nam a22003375a 4500 | ||
|---|---|---|---|
| 001 | CEM.cems012401 | ||
| 005 | 20080228091512.0 | ||
| 008 | 130507s2003##################000#0#####d | ||
| 003 | CEMS | ||
| 020 | |a 9871098243 | ||
| 082 | 0 | 4 | |a Z302 |
| 100 | 1 | |a Barros, Claudia | |
| 245 | 1 | 0 | |a Cronos 7 : |b ciencias sociales / |c Claudia Barros , Pablo Buchbinder y Javier Alonso |
| 260 | |a Buenos Aires : |b Ediciones Sm, |c 2003 | ||
| 300 | |a 272 p. | ||
| 490 | 0 | |a Mundo para todos | |
| 500 | |a Para 7º año Egb | ||
| 505 | 0 | |a Las tierras y las aguas de nuestro planeta -- Climas, biomas y ambientes -- Geografía -- Problemas ambientales -- La población y el espacio geográfico -- Los espacios rurales -- Los espacios urbanos -- La organización política del mundo actual -- Formación ética y ciudadana -- Los ciudadanos -- Nosotros y los otros -- Historia -- Los primeros poblados agrícolas -- Los antiguos Estados en Mesopotamia y Egipto -- Los antiguos griegos -- Los antiguos romanos -- La diversidad cultural en el mundo mediterráneo -- La sociedad feudal en Europa occidental -- Expansión y crisis de la Europa feudal | |
| 653 | |a Ciencias sociales | ||
| 653 | |a Geografía | ||
| 653 | |a Formación ética | ||
| 653 | |a Ciudadana | ||
| 653 | |a Historia | ||
| 700 | 1 | |a Buchbinder, Pablo | |
| 700 | 1 | |a Alonso, E. Javier | |
| 859 | |a CEMS |b BIB. CEMS - 11 de abril |h Z302 |i B278-1 |p 23739.07 |t Ej.1 |v 7º |3 7º | ||
| 859 | |a CEMS |b BIB. CEMS - 11 de abril |h Z302 |i B278-1 |p 23740.07 |t Ej.2 |v 7º |3 7º | ||
| 859 | |a CEMS |b BIB. CEMS - 11 de abril |h Z302 |i B278-1 |p 23741.07 |t Ej.3 |v 7º |3 7º | ||
| 859 | |a CEMS |b BIB. CEMS - 11 de abril |h Z302 |i B278-1 |p 23742.07 |t Ej.4 |v 7º |3 7º | ||
| 859 | |a CEMS |b BIB. CEMS - 11 de abril |h Z302 |i B278-1 |p 23743.07 |t Ej.5 |v 7º |3 7º | ||
| 859 | |a CEMS |b BIB. CEMS - 11 de abril |h Z302 |i B278-1 |p 23744.07 |t Ej.6 |v 7º |3 7º | ||
